Intra-Arab Trade : Is it too Little? /

This paper estimates a gravity model to address the issue of whether intra-Arab trade is too little. Although gravity models have been extensively used to measure bilateral trade among countries, they have-to the best of our knowledge-never been used to measure intra-Arab trade. Our results suggest...

詳細記述

書誌詳細
第一著者: Yousef, Tarik
その他の著者: Al-Atrash, Hassan
フォーマット: 雑誌
言語:English
出版事項: Washington, D.C. : International Monetary Fund, 2000.
シリーズ:IMF Working Papers; Working Paper ; No. 2000/010
オンライン・アクセス:Full text available on IMF
LEADER 01728cas a2200253 a 4500
001 AALejournalIMF001124
008 230101c9999 xx r poo 0 0eng d
020 |c 5.00 USD 
020 |z 9781451842685 
022 |a 1018-5941 
040 |a BD-DhAAL  |c BD-DhAAL 
100 1 |a Yousef, Tarik. 
245 1 0 |a Intra-Arab Trade :   |b Is it too Little? /  |c Tarik Yousef, Hassan Al-Atrash. 
264 1 |a Washington, D.C. :  |b International Monetary Fund,  |c 2000. 
300 |a 1 online resource (20 pages) 
490 1 |a IMF Working Papers 
500 |a <strong>Off-Campus Access:</strong> No User ID or Password Required 
500 |a <strong>On-Campus Access:</strong> No User ID or Password Required 
506 |a Electronic access restricted to authorized BRAC University faculty, staff and students 
520 3 |a This paper estimates a gravity model to address the issue of whether intra-Arab trade is too little. Although gravity models have been extensively used to measure bilateral trade among countries, they have-to the best of our knowledge-never been used to measure intra-Arab trade. Our results suggest that intra-Arab trade and Arab trade with the rest of the world are lower than what would be predicted by the gravity equation, suggesting considerable scope for regional-as well as multilateral-integration. The results also suggest that intra-GCC and intra-Maghreb trade are relatively low while the Mashreq countries exhibit a higher level of intragroup trade. 
538 |a Mode of access: Internet 
700 1 |a Al-Atrash, Hassan. 
830 0 |a IMF Working Papers; Working Paper ;  |v No. 2000/010 
856 4 0 |z Full text available on IMF  |u http://elibrary.imf.org/view/journals/001/2000/010/001.2000.issue-010-en.xml  |z IMF e-Library